000 00391cam a2200157ua 4500
003 OSt
008 250108b |||||||| |||| 00| 0 eng d
041 _aeng
082 _a621.3851
_bVAN/NE
100 _aVan Valkonburg, M E .
_96885
245 _aNetwork analysis /
250 _a1 /
260 _aMumbai :
_bAsia Publishing House ,
_c1962.
300 _a440 :
_b506 ; .
942 _cBK
999 _c10545
_d10545